TNA / Impact Wrestling - EC3's PPV Opponents - Statistics

General Stats
  • This quiz has been taken 61 times
  • The average score is 9 of 15
Answer Stats
Year Event Match Type Answer % Correct
2015 Bound for Glory 3-Way Match Matt Hardy
98%
2014 Sacrifice Tag Team Match Willow
98%
2014 Sacrifice Tag Team Match Kurt Angle
86%
2015 Slammiversary Tag Team Match Bobby Lashley
79%
2016 Bound for Glory No Holds Barred Match Bobby Lashley
79%
2014 Slammiversary Texas Death Match Bully Ray
79%
2015 Bound for Glory 3-Way Match Drew Galloway
74%
2020 Bound for Glory Moose
72%
2017 Slammiversary Strap Match James Storm
67%
2016 Slammiversary Mike Bennett
40%
2015 Slammiversary Tag Team Match Mr. Anderson
30%
2017 Bound for Glory Impact vs. AAA 6-Man Tag Team Match El Hijo Del Fantasma
21%
2017 Bound for Glory Impact vs. AAA 6-Man Tag Team Match Pagano
21%
2017 Bound for Glory Impact vs. AAA 6-Man Tag Team Match Texano Jr.
21%
2014 Bound for Glory Ryota Hama
16%
No matching quizzes found
Score Distribution
Percent of People with Each Score
Percentile by Number Answered
Your Score History
You have not taken this quiz